Standards for recognized high schools ... (Record no. 20735)

MARC details
000 -LEADER
fixed length control field 00855cam a2200253u 4500
001 - CONTROL NUMBER
control field e 25000028
003 - CONTROL NUMBER IDENTIFIER
control field DLC
005 - DATE AND TIME OF LATEST TRANSACTION
control field 20260227111216.0
008 - FIXED-LENGTH DATA ELEMENTS--GENERAL INFORMATION
fixed length control field 880804s1924 ilu 000 0 eng
010 ## - LIBRARY OF CONGRESS CONTROL NUMBER
LC control number e 25000028
040 ## - CATALOGING SOURCE
Original cataloging agency DLC
Transcribing agency CarP
Modifying agency DLC
043 ## - GEOGRAPHIC AREA CODE
Geographic area code n-us-il
050 00 - LIBRARY OF CONGRESS CALL NUMBER
Classification number L142
Item number .B35 no. 189
110 1# - MAIN ENTRY--CORPORATE NAME
Corporate name or jurisdiction name as entry element Illinois.
Subordinate unit Department of public instruction. [from old catalog]
245 10 - TITLE STATEMENT
Title Standards for recognized high schools ...
260 ## - PUBLICATION, DISTRIBUTION, ETC.
Place of publication, distribution, etc. [Springfield
Date of publication, distribution, etc. 1924]
300 ## - PHYSICAL DESCRIPTION
Extent 32 p.
Dimensions 23 cm.
500 ## - GENERAL NOTE
General note At head of title: State of Illinois. Office of superintendent of public instruction.
650 #0 - SUBJECT ADDED ENTRY--TOPICAL TERM
Topical term or geographic name entry element High schools
General subdivision Accreditation
Geographic subdivision Illinois.
650 #4 - SUBJECT ADDED ENTRY--TOPICAL TERM
Topical term or geographic name entry element Accredited schools
Geographic subdivision Illinois.
700 1# - ADDED ENTRY--PERSONAL NAME
Personal name Hanna, John Calvin,
Dates associated with a name 1855-
700 1# - ADDED ENTRY--PERSONAL NAME
Personal name Thrasher, Harry Maxwell,
Dates associated with a name 1886- [from old catalog]
700 1# - ADDED ENTRY--PERSONAL NAME
Personal name Moore, R. L.
Fuller form of name (Roy Lewis)

No items available.

Powered by Koha